| 000 | 00904nac a22002411u 4500 | ||
|---|---|---|---|
| 008 | 100919t xxu||||| |||| 00| 0 eng d | ||
| 020 | _a0756610567 (US) | ||
| 020 | _a1405302607(UK) | ||
| 082 |
_a658.409 _bPET |
||
| 100 |
_aPeters, Thomas J. _919445 |
||
| 245 |
_aTom Peters Essentials talent / _cTom Peters |
||
| 260 |
_aNew York: _bDK Pub. ,2005. _c2005 |
||
| 300 |
_a160 p. : _bill. (chiefly col.) ; _c20 cm. |
||
| 490 |
_919443 _aTom Peters Essentials |
||
| 500 | _aIncludes index | ||
| 650 |
_aExecutive ability. _911399 |
||
| 650 |
_aExpertise _919444 |
||
| 650 |
_aAbility _919446 |
||
| 650 |
_aOrganizational effectiveness _919447 |
||
| 650 |
_aManagement _919448 |
||
| 942 |
_cBB _k658.409 PET _2ddc |
||
| 999 |
_c2719 _d2719 |
||